000 00364nam a2200157Ia 4500
008 221030s9999 xx 000 0 und d
020 _a8176566128
041 _aEnglish
082 _a105.23
_bBPB
100 _aBPB
245 0 _aMicroprocessor Data Handbook
_cby BPB
260 _bBPB Pub
_aNew Delhi
_c2003
300 _a844
650 _aBE Computer
942 _cBK
999 _c643
_d643